Many paths to a just settlement (Record no. 70436)
[ view plain ]
| 000 -LEADER | |
|---|---|
| fixed length control field | 01195cam a2200217 4500 |
| 001 - CONTROL NUMBER | |
| control field | ABS65502 |
| 008 - FIXED-LENGTH DATA ELEMENTS--GENERAL INFORMATION | |
| fixed length control field | 020610n2002 000 0 eng u |
| 035 ## - SYSTEM CONTROL NUMBER | |
| System control number | (Sirsi) u118339 |
| 245 ## - TITLE STATEMENT | |
| Title | Many paths to a just settlement |
| 260 ## - PUBLICATION, DISTRIBUTION, ETC. | |
| Date of publication, distribution, etc. | 2002 |
| 490 ## - SERIES STATEMENT | |
| Series statement | Estates Gazette |
| Volume/sequential designation | (0220) 18 May 2002, 214-216(3) |
| 520 ## - SUMMARY, ETC. | |
| Summary, etc. | A Mainly for students article that considers the Civil Procedure Rules, Pact, expert witnesses and the RICS Dispute Resolution Service. Lease renewal cases are determined by the courts using the CPR 1998. The rules were introduced to simplify and cut the costs of disputes originally heard under old County Court and High Court rules. Discusses how the CPR works in governing conduct and costs, the use of PACT in lease renewal cases and the power of the courts in controling the progress of the case. Also small sections on Part 36 offers/payments, the RICS Dipute Resolution Service and expert witnesses. |
| 590 ## - LOCAL NOTE (RLIN) | |
| Local note | ABS |
| 650 ## - SUBJECT ADDED ENTRY--TOPICAL TERM | |
| Topical term or geographic name entry element | CIVIL PROCEDURE RULES 1998 |
| 650 ## - SUBJECT ADDED ENTRY--TOPICAL TERM | |
| Topical term or geographic name entry element | CIVIL PROCEDURE RULES PART 36 |
| 650 ## - SUBJECT ADDED ENTRY--TOPICAL TERM | |
| Topical term or geographic name entry element | PACT |
| 650 ## - SUBJECT ADDED ENTRY--TOPICAL TERM | |
| Topical term or geographic name entry element | PROFESSIONAL ARBITRATION ON COURT TERMS |
| 650 ## - SUBJECT ADDED ENTRY--TOPICAL TERM | |
| Topical term or geographic name entry element | EXPERT WITNESSES |
| 690 ## - LOCAL SUBJECT ADDED ENTRY--TOPICAL TERM (OCLC, RLIN) | |
| Topical term or geographic name as entry element | Dispute resolution |
| 9 (RLIN) | 6236 |
| 942 ## - ADDED ENTRY ELEMENTS (KOHA) | |
| Suppress in OPAC | 0 |
| Withdrawn status | Lost status | Source of classification or shelving scheme | Damaged status | Not for loan | Home library | Current library | Shelving location | Date acquired | Total Checkouts | Full call number | Barcode | Date last seen | Copy number | Price effective from | Koha item type |
|---|---|---|---|---|---|---|---|---|---|---|---|---|---|---|---|
| Dewey Decimal Classification | London | London | Journal article | 10/06/2002 | ABS65502 | 118339-1001 | 06/08/2019 | 1 | 06/08/2019 | Journal article |